[Event "Baden Open A (30th)"]
[Site "?"]
[Date "2002.04.26"]
[Round "1.1"]
[White "Balinov, Ilia"]
[Black "Stanivukovic, Drago"]
[Result "1-0"]
[WhiteElo "2438"]
[BlackElo "2063"]
[PlyCount "41"]
[EventDate "2002.??.??"]

1. d4 g6 2. e4 Bg7 3. Bc4 e6 4. Bb3 c5 5. Nf3 cxd4 6. Nxd4 Nf6 7. Nc3 a6 8. e5
Ng8 9. Bf4 Qa5 10. O-O Bxe5 11. Bxe5 Qxe5 12. Nd5 Nc6 13. Nxc6 bxc6 14. Re1 Qb8
15. Qd4 f6 16. Nb6 Qa7 17. Rad1 Rb8 18. Bxe6 Ne7 19. Bxd7+ Kf7 20. Rxe7+ Kxe7
21. Nxc8+ 1-0

[Event "Baden Open A (30th)"]
[Site "?"]
[Date "2002.04.26"]
[Round "1.2"]
[White "Zivkovic, Nenad"]
[Black "Neumeier, Klaus"]
[Result "1/2-1/2"]
[WhiteElo "2015"]
[BlackElo "2333"]
[PlyCount "107"]
[EventDate "2002.??.??"]

1. e4 e5 2. Nf3 Nc6 3. Bb5 a6 4. Bxc6 dxc6 5. d4 exd4 6. Qxd4 Qxd4 7. Nxd4 c5
8. Ne2 Bd6 9. Bf4 f6 10. Nbc3 Be6 11. Rd1 O-O-O 12. f3 Ne7 13. Kf2 b5 14. Bxd6
cxd6 15. Nf4 Bf7 16. Ncd5 Nc6 17. Rd2 Rhe8 18. Rhd1 Ne5 19. b3 c4 20. a4 Kb7
21. Ne2 Rc8 22. axb5 axb5 23. Nd4 cxb3 24. cxb3 Bxd5 25. exd5 Kb6 26. Nf5 Red8
27. f4 Ng4+ 28. Kg3 Nh6 29. Nxh6 gxh6 30. Kf3 Re8 31. g3 Rc3+ 32. Rd3 Rxd3+ 33.
Rxd3 Kc5 34. Kg4 Re2 35. Kf5 Rxh2 36. Kxf6 b4 37. f5 Rc2 38. Ke7 Rc3 39. Rd1
Re3+ 40. Kf7 Rxb3 41. f6 Rxg3 42. Kf8 b3 43. f7 b2 44. Ke7 Re3+ 45. Kf6 Rf3+
46. Kg7 Rg3+ 47. Kxh6 Rf3 48. Kg7 Rg3+ 49. Kxh7 Rf3 50. Kg7 Rg3+ 51. Kf6 Rf3+
52. Ke7 Re3+ 53. Kf6 Rf3+ 54. Ke7 1/2-1/2

[Event "Baden Open A (30th)"]
[Site "?"]
[Date "2002.04.26"]
[Round "1.3"]
[White "Posch, Werner"]
[Black "Somasundram, Jayakumar"]
[Result "1-0"]
[WhiteElo "2268"]
[BlackElo "1990"]
[PlyCount "77"]
[EventDate "2002.??.??"]

1. e4 c5 2. Nc3 Nc6 3. g3 g6 4. Bg2 Bg7 5. d3 d6 6. f4 e6 7. Nf3 Rb8 8. O-O
Nge7 9. Be3 Nd4 10. e5 Nef5 11. Bf2 d5 12. Nxd4 Nxd4 13. Na4 b6 14. b4 f6 15.
bxc5 fxe5 16. cxb6 axb6 17. fxe5 Bxe5 18. Rb1 Bd7 19. c3 Nb5 20. Qe1 Qc7 21. d4
Na3 22. Rxb6 Rxb6 23. Nxb6 Qxb6 24. dxe5 Qc7 25. Bd4 Nc4 26. Qf2 Bc8 27. Qf6
Rg8 28. Rb1 Rf8 29. Qg5 Rf5 30. Qh4 Nxe5 31. Bb6 Qxc3 32. Qxh7 Qc2 33. Re1 Qc3
34. Qh8+ Kf7 35. Qh7+ Ke8 36. Bf2 Rxf2 37. Qh8+ Ke7 38. Rxe5 38... Rf7 $4 (
38... Qc5 $19) 39. Rxe6+ 1-0

[Event "Baden Open A (30th)"]
[Site "?"]
[Date "2002.04.26"]
[Round "1.4"]
[White "Kopinits, Anna Christina"]
[Black "Schumi, Manfred"]
[Result "0-1"]
[WhiteElo "1930"]
[BlackElo "2222"]
[PlyCount "92"]
[EventDate "2002.??.??"]

1. e4 c5 2. Nc3 Nc6 3. g3 g6 4. Bg2 Bg7 5. d3 d6 6. Be3 Nd4 7. Qd2 e6 8. Nd1
Rb8 9. c3 Nc6 10. f4 Nge7 11. Nf3 b6 12. O-O O-O 13. d4 Ba6 14. Re1 Rc8 15. Nf2
cxd4 16. Nxd4 Na5 17. Qc2 d5 18. Qa4 Qe8 19. Qa3 Bb7 20. e5 Nec6 21. Nxc6 Qxc6
22. b3 Rfd8 23. Rac1 Bf8 24. Qb2 Qd7 25. Ng4 Bg7 26. Rcd1 Qe7 27. Bf2 Nc6 28.
Ne3 Rc7 29. Nc2 Bf8 30. b4 Rdc8 31. Bh3 h5 32. a4 Qe8 33. Rd2 Ne7 34. Nd4 Nf5
35. Nb5 d4 36. Nxc7 Qc6 37. Kf1 dxc3 38. Qb3 cxd2 39. Rd1 Rxc7 40. Rxd2 Qh1+
41. Ke2 Qe4+ 42. Kf1 Bxb4 43. Bxf5 gxf5 44. Rd4 Rc1+ 45. Rd1 Qh1+ 46. Ke2 Bf3+
0-1

[Event "Baden Open A (30th)"]
[Site "?"]
[Date "2002.04.26"]
[Round "1.5"]
[White "Weissenbeck, Manuel"]
[Black "Prendinger, Rudolf"]
[Result "1-0"]
[WhiteElo "2218"]
[BlackElo "1920"]
[PlyCount "69"]
[EventDate "2002.??.??"]

1. d4 d5 2. c4 e6 3. Nc3 Nf6 4. Bg5 Be7 5. e3 O-O 6. Nf3 h6 7. Bh4 Ne4 8. Bxe7
Qxe7 9. Bd3 Nxc3 10. bxc3 dxc4 11. Bxc4 c5 12. O-O b6 13. Qe2 Bb7 14. e4 cxd4
15. cxd4 Nd7 16. e5 Rfc8 17. Rac1 Qb4 18. Bb3 Nf8 19. Qe3 Qe7 20. Nd2 Ng6 21.
f4 Nh4 22. g4 Qd7 23. Ne4 Rxc1 24. Rxc1 Bxe4 25. Qxe4 Rc8 26. Rxc8+ Qxc8 27.
Kf2 Qc3 28. d5 Qd2+ 29. Kg3 f5 30. exf6 Qc3+ 31. Kxh4 Qxf6+ 32. Kg3 Qc3+ 33.
Kf2 Qd2+ 34. Kf3 Qc3+ 35. Qe3 1-0

[Event "Baden Open A (30th)"]
[Site "?"]
[Date "2002.04.26"]
[Round "1.6"]
[White "Weissensteiner, Hubert"]
[Black "Gerhold, Michael"]
[Result "0-1"]
[WhiteElo "1892"]
[BlackElo "2216"]
[PlyCount "54"]
[EventDate "2002.??.??"]

1. e4 c5 2. Nf3 Nc6 3. d4 cxd4 4. Nxd4 Nf6 5. Nc3 e5 6. Nb3 Bb4 7. Bd3 d5 8.
exd5 Nxd5 9. Bd2 Nxc3 10. bxc3 Bd6 11. O-O O-O 12. Be4 Be6 13. Be3 Qe7 14. Bxc6
bxc6 15. f3 Rfd8 16. Qe2 Qh4 17. Bf2 Qg5 18. Qe3 Qg6 19. Bg3 f6 20. Rf2 Bf5 21.
Qe2 Bc7 22. c4 a5 23. a4 Rab8 24. Rb1 Rb4 25. c5 h5 26. Rd1 Rxd1+ 27. Qxd1 h4
0-1

[Event "Baden Open A (30th)"]
[Site "?"]
[Date "2002.04.26"]
[Round "1.7"]
[White "Rudolf, Herbert"]
[Black "Hoebaus, Alfred"]
[Result "1/2-1/2"]
[WhiteElo "2201"]
[BlackElo "1886"]
[PlyCount "47"]
[EventDate "2002.??.??"]

1. e4 e5 2. Nc3 Nf6 3. Nf3 d6 4. d4 exd4 5. Qxd4 Nc6 6. Bb5 Bd7 7. Bxc6 Bxc6 8.
Bg5 Be7 9. O-O-O O-O 10. Rhe1 Ne8 11. Bf4 Bf6 12. Qe3 Bxc3 13. Qxc3 Qf6 14. Qe3
Qe6 15. Kb1 Nf6 16. Ng5 Qc4 17. b3 Qb4 18. Qg3 h6 19. Bd2 Qb5 20. a4 Qb6 21. e5
dxe5 22. a5 Qa6 23. Rxe5 Rad8 24. Nf3 1/2-1/2

[Event "Baden Open A (30th)"]
[Site "?"]
[Date "2002.04.26"]
[Round "1.8"]
[White "Szvetits, Rene"]
[Black "Bozinovic, Boban"]
[Result "1/2-1/2"]
[WhiteElo "1863"]
[BlackElo "2163"]
[PlyCount "107"]
[EventDate "2002.??.??"]

1. d4 Nf6 2. c4 c5 3. d5 b5 4. cxb5 a6 5. b6 Qxb6 6. Nf3 g6 7. Nc3 Bg7 8. g3
O-O 9. Bg2 d6 10. O-O Bb7 11. Nd2 Nbd7 12. Qb3 a5 13. Rb1 Ba6 14. Qxb6 Nxb6 15.
Re1 Nfd7 16. Nf1 Rab8 17. Ne3 Nc4 18. Ncd1 a4 19. Be4 f5 20. Bc2 Ndb6 21. b3
axb3 22. Bxb3 Nxe3 23. Bxe3 c4 24. Bxb6 cxb3 25. Rxb3 Bc4 26. Rb4 Bxa2 27. e4
fxe4 28. Rexe4 Bxd5 29. Rxe7 Rf7 30. Rxf7 Kxf7 31. Ne3 Be6 32. Ba5 Rxb4 33.
Bxb4 d5 34. Kg2 d4 35. Nf1 Bd5+ 36. f3 Ke6 37. Nd2 Bh6 38. Kf2 Be3+ 39. Ke2 Bc6
40. Kd3 Kd5 41. Ke2 Bb5+ 42. Ke1 Bd3 43. Ba5 Bc2 44. Bb4 Ba4 45. Ba3 d3 46. Bb4
Bd4 47. Ba5 Bc6 48. Bb4 Ke6 49. Ba5 Bd5 50. Bb4 Kd7 51. Ne4 Kc6 52. Kd2 Bc4 53.
Bc3 Bg1 54. h3 1/2-1/2

[Event "Baden Open A (30th)"]
[Site "?"]
[Date "2002.04.26"]
[Round "1.9"]
[White "Stoppel, Franz"]
[Black "Zojer, Thomas"]
[Result "1-0"]
[WhiteElo "2152"]
[BlackElo "1790"]
[PlyCount "49"]
[EventDate "2002.??.??"]

1. d4 d5 2. Nf3 Nf6 3. c3 e6 4. Bf4 Bd6 5. Bg3 O-O 6. e3 c6 7. Nbd2 Qc7 8. Ne5
Nbd7 9. f4 c5 10. Bd3 a6 11. O-O c4 12. Bc2 b5 13. e4 a5 14. Nexc4 bxc4 15. e5
Be7 16. exf6 Nxf6 17. Rb1 Bd6 18. Qf3 Ba6 19. Rfe1 Rfe8 20. Nf1 Rab8 21. f5
exf5 22. Rxe8+ Rxe8 23. Bh4 Ng4 24. Qxf5 Bxh2+ 25. Kh1 1-0

[Event "Baden Open A (30th)"]
[Site "?"]
[Date "2002.04.26"]
[Round "1.10"]
[White "Winkler, Klaus"]
[Black "Herndlbauer, Martin"]
[Result "0-1"]
[WhiteElo "1784"]
[BlackElo "2112"]
[PlyCount "82"]
[EventDate "2002.??.??"]

1. d4 d5 2. Nf3 Nf6 3. c4 c6 4. e3 e6 5. Nc3 Be7 6. Be2 O-O 7. O-O b6 8. Bd2
Bb7 9. Rb1 c5 10. cxd5 Nxd5 11. dxc5 Bxc5 12. a3 Nd7 13. Nxd5 Bxd5 14. Bc3 Be7
15. b4 Qc7 16. Rc1 Qb7 17. Qd4 Bf6 18. Qf4 Rac8 19. Bxf6 Nxf6 20. Nh4 Ne4 21.
Qe5 Rxc1 22. Rxc1 Rc8 23. Rxc8+ Qxc8 24. Qb2 Qc3 25. Qxc3 Nxc3 26. Bd3 a5 27.
bxa5 bxa5 28. g3 Kf8 29. Ng2 Bxg2 30. Kxg2 Ke7 31. Kf3 h6 32. e4 Kd6 33. Ke3
Kc5 34. f3 e5 35. f4 f6 36. f5 Nd1+ 37. Kd2 Kd4 38. a4 Nc3 39. Bb5 Nxe4+ 40.
Ke2 Nc3+ 41. Kf3 Nxb5 0-1

[Event "Baden Open A (30th)"]
[Site "?"]
[Date "2002.04.27"]
[Round "2.1"]
[White "Gerhold, Michael"]
[Black "Balinov, Ilia"]
[Result "0-1"]
[WhiteElo "2216"]
[BlackElo "2438"]
[PlyCount "84"]
[EventDate "2002.??.??"]

1. Nf3 Nf6 2. c4 e6 3. g3 b6 4. Bg2 Bb7 5. O-O c5 6. Nc3 Be7 7. Re1 O-O 8. e4
d6 9. d4 cxd4 10. Nxd4 Nfd7 11. b3 a6 12. Bb2 Qc7 13. Rc1 Re8 14. f4 Bf8 15.
Kh1 Nc6 16. Nf3 Rad8 17. Ng5 h6 18. Nf3 Qb8 19. Rc2 Ba8 20. a4 Nc5 21. Rd2 Na5
22. b4 Nxc4 23. bxc5 Nxd2 24. Qxd2 bxc5 25. Qc2 Bc6 26. g4 Qb4 27. g5 Rb8 28.
Ba1 hxg5 29. Nxg5 f6 30. Nxe6 Rxe6 31. Rb1 Rxe4 32. h3 Qc4 33. Rg1 Rbe8 34. Qd1
Ba8 35. Nxe4 Bxe4 36. Bxf6 Qe6 37. Qh5 Rb8 38. Bc3 Bxg2+ 39. Rxg2 Qe4 40. Qg4
Rb7 41. Kh2 Rf7 42. f5 Qxf5 0-1

[Event "Baden Open A (30th)"]
[Site "?"]
[Date "2002.04.27"]
[Round "2.2"]
[White "Herndlbauer, Martin"]
[Black "Posch, Werner"]
[Result "1-0"]
[WhiteElo "2112"]
[BlackElo "2226"]
[PlyCount "67"]
[EventDate "2002.??.??"]

1. e4 c6 2. d4 d5 3. e5 Bf5 4. Nc3 e6 5. g4 Bg6 6. Nge2 Bb4 7. Nf4 Be4 8. Rg1
Nd7 9. Be3 h6 10. f3 Bh7 11. Nh5 g6 12. Nf4 Qa5 13. Bd2 Qb6 14. a3 Be7 15. Be3
Nxe5 16. Na4 Qa5+ 17. b4 Nxf3+ 18. Qxf3 Qxa4 19. g5 Bxb4+ 20. Kd1 Be7 21. h4
Bd6 22. Nd3 Qa5 23. Bh3 Qc7 24. Rf1 Rd8 25. Rb1 b6 26. Bf4 Bxf4 27. Nxf4 Qe7
28. Rb3 hxg5 29. hxg5 Rd7 30. Re3 Kd8 31. Nxe6+ fxe6 32. Rxe6 Qxg5 33. Rxc6 Ne7
34. Qf8+ 1-0

[Event "Baden Open A (30th)"]
[Site "?"]
[Date "2002.04.27"]
[Round "2.3"]
[White "Schumi, Manfred"]
[Black "Stoppel, Franz"]
[Result "1-0"]
[WhiteElo "2229"]
[BlackElo "2152"]
[PlyCount "66"]
[EventDate "2002.??.??"]

1. e4 e6 2. b3 d5 3. Bb2 dxe4 4. Nc3 Nf6 5. Qe2 Bb4 6. O-O-O Qe7 7. Kb1 Ba3 8.
Ba1 Nbd7 9. Nxe4 O-O 10. Nf3 b6 11. Ne5 Bb7 12. Nxf6+ Nxf6 13. Rg1 a5 14. Qe3
a4 15. Bc4 axb3 16. Bxb3 b5 17. Rge1 c5 18. d3 Bb4 19. Re2 Nd5 20. Bxd5 Bxd5
21. c4 bxc4 22. dxc4 Qb7 23. cxd5 Ra3 24. Rd3 Bc3+ 25. Bb2 Bd4 26. Rb3 Rxb3 27.
Qxb3 Qc7 28. Nc6 Bxb2 29. Kxb2 exd5 30. Qxd5 Qb6+ 31. Kc1 Qa6 32. Rd2 h6 33.
Qxc5 Re8 1-0

[Event "Baden Open A (30th)"]
[Site "?"]
[Date "2002.04.27"]
[Round "2.4"]
[White "Zojer, Stefan"]
[Black "Weissenbeck, Manuel"]
[Result "0-1"]
[WhiteElo "1770"]
[BlackElo "2218"]
[PlyCount "136"]
[EventDate "2002.??.??"]

1. d4 Nf6 2. c4 g6 3. Nc3 Bg7 4. e4 d6 5. Nf3 O-O 6. Be2 e5 7. d5 Nbd7 8. O-O
Nc5 9. Qc2 a5 10. Be3 Ng4 11. Bxc5 dxc5 12. Ne1 Nf6 13. f4 exf4 14. Rxf4 Bh6
15. Rf1 Qe7 16. Bf3 Ne8 17. Nd3 Nd6 18. b3 Be3+ 19. Kh1 Bd4 20. Rae1 f6 21. Ne2
Be3 22. Ng3 Bd4 23. Ne2 Be5 24. Nxc5 f5 25. Nd3 fxe4 26. Nxe5 Qxe5 27. Ng3 Bf5
28. Qe2 Rae8 29. c5 Qxd5 30. cxd6 exf3 31. Qxf3 Qxf3 32. gxf3 cxd6 33. Nxf5
Rxe1 34. Nh6+ Kg7 35. Rxe1 Kxh6 36. Kg2 Rf7 37. Rd1 Rd7 38. Rd5 b6 39. Rb5 d5
40. Rxb6 Kg5 41. Rb5 Kf4 42. Kf2 d4 43. Rc5 h5 44. Rc4 h4 45. a3 Ke5 46. Ke2
Rb7 47. b4 axb4 48. axb4 Ra7 49. Rc5+ Kf4 50. Kd3 Rd7 51. Rc4 Kxf3 52. Rxd4
Rxd4+ 53. Kxd4 g5 54. b5 g4 55. b6 g3 56. b7 g2 57. b8=Q g1=Q+ 58. Kd5 Qd1+ 59.
Ke6 Qe2+ 60. Kf7 Qa2+ 61. Kf6 Qa6+ 62. Kf7 Qc4+ 63. Kf6 Qd4+ 64. Ke6 Qg4+ 65.
Kd5 h3 66. Qb3+ Kg2 67. Qc2+ Kh1 68. Ke5 68... Qg2 {
0-1 in schwarzer Gewinnstellung nach ca. 20 weiteren Zuegen;} 0-1

[Event "Baden Open A (30th)"]
[Site "?"]
[Date "2002.04.27"]
[Round "2.5"]
[White "Neumeier, Klaus"]
[Black "Szvetits, Rene"]
[Result "1-0"]
[WhiteElo "2333"]
[BlackElo "1863"]
[PlyCount "75"]
[EventDate "2002.??.??"]

1. e4 c5 2. Nf3 Nc6 3. Bb5 g6 4. Bxc6 bxc6 5. O-O Bg7 6. Re1 Nf6 7. e5 Nd5 8.
c4 Nc7 9. d4 cxd4 10. Qxd4 Ne6 11. Qh4 O-O 12. Nc3 f5 13. Bh6 Rb8 14. b3 Rf7
15. Ne2 Bxh6 16. Qxh6 Qf8 17. Qe3 a6 18. Nf4 Nxf4 19. Qxf4 e6 20. Rad1 Qa3 21.
Rd2 a5 22. h4 a4 23. bxa4 Qxa4 24. h5 Ba6 25. hxg6 hxg6 26. Ng5 Rg7 27. Red1
Qxc4 28. Rd4 Qxa2 29. Rxd7 Rxd7 30. Rxd7 Qc4 31. Rd4 Qe2 32. Nf3 Qf1+ 33. Kh2
Rb1 34. Qg5 Qh1+ 35. Kg3 Rb8 36. Qxg6+ Kh8 37. Rh4+ Qxh4+ 38. Kxh4 1-0

[Event "Baden Open A (30th)"]
[Site "?"]
[Date "2002.04.27"]
[Round "2.6"]
[White "Bozinovic, Boban"]
[Black "Rudolf, Herbert"]
[Result "1/2-1/2"]
[WhiteElo "2163"]
[BlackElo "2201"]
[PlyCount "65"]
[EventDate "2002.??.??"]

1. e4 c5 2. Nf3 Nc6 3. Bb5 g6 4. O-O Bg7 5. c3 Nf6 6. Re1 O-O 7. d4 cxd4 8.
cxd4 d5 9. e5 Ne4 10. Nc3 Nxc3 11. bxc3 Na5 12. Rb1 Bf5 13. Bd3 Bxd3 14. Qxd3
e6 15. Bg5 Qd7 16. Bf6 Rac8 17. g4 Rc6 18. h4 Rfc8 19. Rbc1 Qc7 20. Re3 Nc4 21.
Re2 Bxf6 22. exf6 Qf4 23. Rb1 Qxg4+ 24. Kf1 Qh3+ 25. Kg1 b6 26. Rbe1 Nd6 27.
Re3 Qf5 28. Qa6 Rxc3 29. Ne5 Rxe3 30. Rxe3 Rc1+ 31. Kg2 Qxf6 32. Qa3 Nf5 33.
Qxc1 1/2-1/2

[Event "Baden Open A (30th)"]
[Site "?"]
[Date "2002.04.27"]
[Round "2.7"]
[White "Hoebaus, Alfred"]
[Black "Zivkovic, Nenad"]
[Result "0-1"]
[WhiteElo "1866"]
[BlackElo "2015"]
[PlyCount "44"]
[EventDate "2002.??.??"]

1. e4 c5 2. Nf3 d6 3. Nc3 Nf6 4. Bb5+ Bd7 5. Bc4 e6 6. d4 cxd4 7. Nxd4 Nc6 8.
O-O Nxe4 9. Nxe4 d5 10. Bg5 Qb6 11. Nf6+ gxf6 12. Bxf6 Rg8 13. Bb3 Bg7 14. Bxg7
Rxg7 15. Ne2 O-O-O 16. c4 dxc4 17. Bxc4 Ne5 18. Qb3 Bc6 19. Ng3 h5 20. Qc3 Qd4
21. Rfc1 h4 22. Ne2 Rxg2+ 0-1

[Event "Baden Open A (30th)"]
[Site "?"]
[Date "2002.04.27"]
[Round "2.8"]
[White "Stanivukovic, Drago"]
[Black "Weissensteiner, Hubert"]
[Result "1/2-1/2"]
[WhiteElo "2063"]
[BlackElo "1892"]
[PlyCount "122"]
[EventDate "2002.??.??"]

1. d4 d5 2. c4 e6 3. Nc3 Nf6 4. Bg5 Be7 5. Nf3 O-O 6. e3 c6 7. Bd3 dxc4 8. Bxc4
Nd5 9. Bxe7 Qxe7 10. h4 Qb4 11. Bxd5 exd5 12. Qc2 Qd6 13. O-O-O Qg6 14. e4 dxe4
15. Nxe4 Bf5 16. Nfd2 Bxe4 17. Nxe4 Nd7 18. h5 Qf5 19. f3 Nf6 20. Nxf6+ Qxf6
21. Qd2 Rad8 22. f4 Rd5 23. g4 Rfd8 24. Rhe1 c5 25. Qe3 Qc6 26. dxc5 Rxc5+ 27.
Kb1 Rf8 28. Rc1 Rxc1+ 29. Rxc1 Qa6 30. a3 Qa4 31. g5 Qb5 32. h6 Re8 33. Qd4
Qf5+ 34. Ka1 f6 35. hxg7 fxg5 36. fxg5 a6 37. g6 Qxg6 38. Rg1 Qf7 39. Qd6 Qe7
40. Qh6 Qe6 41. Qh2 Qe5 42. Qg2 Qe4 43. Qg3 Qe3 44. Qg4 Qe6 45. Qd4 Qf7 46. Qb6
Qe7 47. Rc1 Qf7 48. a4 Qd5 49. Qc7 Qe4 50. Rc4 Qe1+ 51. Ka2 Qe6 52. b3 b5 53.
Rc6 Qe2+ 54. Rc2 Qe6 55. axb5 Qd5 56. Rf2 Qe6 57. Qc3 Qe7 58. Qc6 Qe5 59. Qxa6
Qe1 60. Rf8+ Rxf8 61. gxf8=Q+ 61... Kxf8 {
Rest nicht nachvollziehbar; remis (72)} 1/2-1/2

[Event "Baden Open A (30th)"]
[Site "?"]
[Date "2002.04.27"]
[Round "2.9"]
[White "Somasundram, Jayakumar"]
[Black "Winkler, Klaus"]
[Result "1-0"]
[WhiteElo "1990"]
[BlackElo "1783"]
[PlyCount "115"]
[EventDate "2002.??.??"]

1. e4 c5 2. Nf3 d6 3. d4 cxd4 4. Nxd4 Nf6 5. Nc3 a6 6. Be3 e6 7. g4 e5 8. Nf5
g6 9. g5 Nxe4 10. Nxe4 Bxf5 11. Nf6+ Ke7 12. Bb6 Qc8 13. Nd5+ Kd7 14. Nc7 Nc6
15. Nxa8 Qxa8 16. Bd3 e4 17. Be2 Bg7 18. c3 Re8 19. Qa4 Qc8 20. Bc4 Ke7 21. Be2
Kf8 22. O-O-O Be5 23. Be3 b5 24. Qc2 Qe6 25. Qb3 Qd7 26. Kb1 Be6 27. Qa3 b4 28.
cxb4 Rb8 29. b5 axb5 30. Rd2 Qb7 31. b3 Ra8 32. Qc1 Bxb3 33. f4 Bxa2+ 34. Rxa2
Rxa2 35. Kxa2 Qa6+ 36. Qa3 Nb4+ 37. Kb3 Qxa3+ 38. Kxa3 Nc2+ 39. Kb3 Nxe3 40.
fxe5 d5 41. Bxb5 Ke7 42. Re1 Ng4 43. Rf1 Nxe5 44. Rf6 Nf3 45. Ra6 Nxg5 46. Bc6
Ne6 47. Kb4 Nc7 48. Rb6 Kd6 49. Be8+ Ke5 50. Bxf7 e3 51. Rb7 Kd6 52. Kc3 Kc6
53. Rb3 Nb5+ 54. Kd3 d4 55. Be8+ Kd6 56. Rxb5 Ke7 57. Re5+ Kf6 58. Kxd4 1-0

[Event "Baden Open A (30th)"]
[Site "?"]
[Date "2002.04.27"]
[Round "2.10"]
[White "Prendinger, Rudolf"]
[Black "Kopinits, Anna Christina"]
[Result "0-1"]
[WhiteElo "1920"]
[BlackElo "1930"]
[PlyCount "62"]
[EventDate "2002.??.??"]

1. c4 e5 2. Nc3 Nc6 3. Nf3 g6 4. g3 Bg7 5. Bg2 d6 6. d3 f5 7. Ng5 h6 8. Nh3 g5
9. Bd2 Nf6 10. Nd5 f4 11. Nxf6+ Qxf6 12. gxf4 gxf4 13. Ng1 O-O 14. Be4 Bf5 15.
Bd5+ Be6 16. Be4 Kh8 17. Nf3 Nd4 18. Nxd4 exd4 19. Qc2 Rab8 20. O-O Bh3 21.
Rfe1 Rbe8 22. Bf3 Qh4 23. Kh1 Qxf2 24. Rg1 Rxe2 25. Bxe2 f3 26. Bf1 Be5 27. Bf4
Qxc2 28. Bxe5+ dxe5 29. Bxh3 Qxd3 30. Be6 f2 31. Rgf1 Qf3# 0-1

[Event "Baden Open A (30th)"]
[Site "?"]
[Date "2002.04.27"]
[Round "3.1"]
[White "Balinov, Ilia"]
[Black "Herndlbauer, Martin"]
[Result "1-0"]
[WhiteElo "2438"]
[BlackElo "2112"]
[PlyCount "93"]
[EventDate "2002.??.??"]

1. d4 d5 2. c4 c6 3. Nf3 Nf6 4. g3 e6 5. Bg2 b6 6. O-O Bb7 7. Nc3 Be7 8. Ne5
O-O 9. e4 c5 10. exd5 cxd4 11. Qxd4 Re8 12. Nxf7 Qc8 13. Bh3 Bc5 14. Nh6+ Kh8
15. Qh4 Nbd7 16. Nf7+ Kg8 17. Ng5 Ne5 18. Nce4 Qd7 19. Qf4 Nxc4 20. Qxf6 Qxd5
21. Bxe6+ Rxe6 22. Qxe6+ Qxe6 23. Nxe6 Bxe4 24. Nxc5 bxc5 25. f3 Bd5 26. b3 Ne5
27. f4 Nf3+ 28. Kf2 Nxh2 29. Rd1 Ng4+ 30. Kg1 Bc6 31. Ba3 c4 32. bxc4 Ne3 33.
Rd6 Rc8 34. Rc1 Nf5 35. Rd3 Be4 36. Rdc3 Rd8 37. g4 Nh4 38. Be7 Rd2 39. Bxh4
Rg2+ 40. Kf1 Rxg4 41. Bg3 h5 42. Re1 Bc6 43. Re6 Bh1 44. f5 h4 45. Be5 h3 46.
Rg6 Re4 47. Rxh3 1-0

[Event "Baden Open A (30th)"]
[Site "?"]
[Date "2002.04.27"]
[Round "3.2"]
[White "Weissenbeck, Manuel"]
[Black "Schumi, Manfred"]
[Result "1/2-1/2"]
[WhiteElo "2218"]
[BlackElo "2229"]
[PlyCount "65"]
[EventDate "2002.??.??"]

1. d4 Nf6 2. Nf3 g6 3. c4 Bg7 4. Nc3 O-O 5. e4 d6 6. Be2 e5 7. O-O Na6 8. Rb1
c6 9. b4 exd4 10. Nxd4 Re8 11. f3 Nxb4 12. Rxb4 c5 13. Rb3 cxd4 14. Nb5 a6 15.
Nxd4 Nd7 16. Be3 Nc5 17. Rb2 f5 18. Rd2 Qe7 19. Nb3 fxe4 20. Nxc5 exf3 21. Rxf3
dxc5 22. Bf2 Bh6 23. Rb2 Rd8 24. Qf1 Bf5 25. Rfb3 Be4 26. Bd3 Bxd3 27. Rxd3
Rxd3 28. Qxd3 Rd8 29. Qf3 Qe5 30. Rb1 b5 31. cxb5 axb5 32. Re1 Qf5 33. Qxf5
1/2-1/2

[Event "Baden Open A (30th)"]
[Site "?"]
[Date "2002.04.27"]
[Round "3.4"]
[White "Zivkovic, Nenad"]
[Black "Gerhold, Michael"]
[Result "1-0"]
[WhiteElo "2015"]
[BlackElo "2216"]
[PlyCount "80"]
[EventDate "2002.??.??"]

1. e4 c5 2. Nf3 Nc6 3. d4 cxd4 4. Nxd4 Nf6 5. Nc3 e5 6. Ndb5 d6 7. Bg5 a6 8.
Bxf6 gxf6 9. Na3 b5 10. Nd5 Bg7 11. c3 f5 12. Bd3 Be6 13. Bc2 O-O 14. exf5 Bxd5
15. Qxd5 Rc8 16. Rd1 b4 17. Nc4 Ne7 18. Qxd6 Qxd6 19. Nxd6 Rb8 20. O-O e4 21.
Nxe4 Nxf5 22. Rd7 bxc3 23. bxc3 Rfd8 24. Ra7 Nd6 25. Rxa6 Nxe4 26. Bxe4 Bxc3
27. g3 Rd2 28. Rc6 Bd4 29. Rc2 Rxc2 30. Bxc2 Rb2 31. Bb3 Kg7 32. Kg2 h5 33. Kf3
Kg6 34. Bd5 Rd2 35. a4 f5 36. Be6 Rd3+ 37. Ke2 Ra3 38. Bd7 Ra2+ 39. Kd3 Rxf2
40. Re1 40... Bf6 {remis (ca. 70) in beiderseitiger hochgradiger Zeitnot} 1-0

[Event "Baden Open A (30th)"]
[Site "?"]
[Date "2002.04.27"]
[Round "3.5"]
[White "Rudolf, Herbert"]
[Black "Somasundram, Jayakumar"]
[Result "1-0"]
[WhiteElo "2201"]
[BlackElo "1990"]
[PlyCount "83"]
[EventDate "2002.??.??"]

1. e4 c5 2. Nf3 Nc6 3. Bb5 e6 4. Bxc6 bxc6 5. O-O g6 6. d3 Bg7 7. Nc3 Ne7 8. e5
O-O 9. Ne4 Nf5 10. Nxc5 f6 11. exf6 Bxf6 12. d4 Qb6 13. c3 Be7 14. Nb3 Ba6 15.
Re1 Bc4 16. Ne5 Bxb3 17. axb3 Qb7 18. b4 a5 19. Rxa5 Rxa5 20. bxa5 c5 21. a6
Qa7 22. d5 c4 23. Nxc4 Bc5 24. Ne3 Qxa6 25. dxe6 dxe6 26. b4 Bb6 27. Qe2 Qxe2
28. Rxe2 Rd8 29. Rd2 Rc8 30. Nxf5 exf5 31. Rc2 Rc4 32. Be3 Bxe3 33. fxe3 Kf7
34. Kf2 Ke6 35. Ke2 Kd5 36. Kd3 Rg4 37. c4+ Kc6 38. h3 Rg3 39. Kd4 h5 40. b5+
Kb7 41. c5 g5 42. c6+ 1-0

[Event "Baden Open A (30th)"]
[Site "?"]
[Date "2002.04.27"]
[Round "3.6"]
[White "Zojer, Thomas"]
[Black "Bozinovic, Boban"]
[Result "1/2-1/2"]
[WhiteElo "1790"]
[BlackElo "2163"]
[PlyCount "76"]
[EventDate "2002.??.??"]

1. d4 Nf6 2. c4 c5 3. d5 b5 4. cxb5 a6 5. b6 d6 6. Nc3 Nbd7 7. g3 g6 8. Bg2 Bg7
9. Nf3 O-O 10. O-O Nxb6 11. e4 Bg4 12. h3 Bxf3 13. Bxf3 Rb8 14. Rb1 Nfd7 15.
Be2 Qc8 16. Qc2 Ne5 17. Kg2 e6 18. Bf4 exd5 19. exd5 f5 20. b3 Re8 21. Rfe1 Kh8
22. Qd2 Qb7 23. Rbd1 Rbc8 24. Rb1 Qa8 25. Rbd1 Nbd7 26. Nb1 Nf6 27. Bc4 Ne4 28.
Qc1 Nf7 29. f3 Nf6 30. Nc3 Nh5 31. Ne2 Re7 32. Bd2 Rce8 33. Nf4 Nxf4+ 34. Bxf4
Be5 35. Kf2 Qb7 36. Qd2 Bxf4 37. Qxf4 Ne5 38. Qd2 Kg8 1/2-1/2

[Event "Baden Open A (30th)"]
[Site "?"]
[Date "2002.04.27"]
[Round "3.7"]
[White "Stoppel, Franz"]
[Black "Zojer, Stefan"]
[Result "1/2-1/2"]
[WhiteElo "2152"]
[BlackElo "1770"]
[PlyCount "98"]
[EventDate "2002.??.??"]

1. d4 d5 2. c3 Nf6 3. Bf4 Bf5 4. e3 e6 5. Nf3 c5 6. Nbd2 Nbd7 7. h3 Be7 8. Be2
O-O 9. O-O h6 10. Bh2 Bh7 11. Re1 c4 12. Ne5 Ne8 13. e4 Bd6 14. exd5 exd5 15.
Bf3 Nb6 16. b4 Nf6 17. a4 a5 18. b5 Qc7 19. Nf1 Rfe8 20. Bg3 Nbd7 21. Nxd7 Qxd7
22. Be5 Ne4 23. Bxe4 Bxe4 24. f3 Bh7 25. Qd2 f6 26. Bxd6 Qxd6 27. Kf2 Kf7 28.
Qb2 b6 29. Re3 Ra7 30. Qa3 Qxa3 31. Rxa3 Rae7 32. Ra1 Bd3 33. Rxe7+ Rxe7 34.
Ne3 Ke6 35. g4 g6 36. h4 Kd6 37. Rg1 g5 38. Rh1 Rh7 39. Nf5+ Bxf5 40. gxf5 gxh4
41. Rxh4 Ke7 42. Rh1 Kf8 43. f4 Re7 44. Rxh6 Kg7 45. Rh1 Re8 46. Rg1+ Kf7 47.
Rh1 Kg7 48. Kf3 Re7 49. Rg1+ Kf8 1/2-1/2

[Event "Baden Open A (30th)"]
[Site "?"]
[Date "2002.04.27"]
[Round "3.8"]
[White "Kopinits, Anna Christina"]
[Black "Stanivukovic, Drago"]
[Result "1-0"]
[WhiteElo "1930"]
[BlackElo "2063"]
[PlyCount "115"]
[EventDate "2002.??.??"]

1. e4 d6 2. Nc3 g6 3. g3 Bg7 4. Bg2 e5 5. d3 c6 6. f4 Ne7 7. Nf3 O-O 8. O-O f5
9. a4 Nd7 10. d4 exd4 11. Nxd4 fxe4 12. Ne6 Qb6+ 13. Kh1 d5 14. a5 Qb4 15. Ra4
Qd6 16. Nxf8 Nxf8 17. Nxe4 Qc7 18. Ng5 h6 19. Nf3 Bd7 20. c3 c5 21. Ra1 Bc6 22.
Be3 Nd7 23. Bf2 Rd8 24. Qe2 Nf5 25. g4 Nd6 26. Qe6+ Kh7 27. g5 Re8 28. Qh3 h5
29. Nh4 Ne4 30. Bg3 Nf8 31. Bxe4 dxe4 32. f5 e3+ 33. Kg1 Be5 34. Nxg6 Nxg6 35.
Qxh5+ Kg8 36. Qxg6+ Qg7 37. Qxg7+ Kxg7 38. Bxe5+ Rxe5 39. Rae1 Re4 40. h3 e2
41. Rf2 Bb5 42. f6+ Kf8 43. b3 Bd3 44. Rf3 c4 45. bxc4 Bxc4 46. g6 Re5 47. Rf4
Bd3 48. g7+ Kf7 49. Rd4 Bh7 50. Rd8 Rg5+ 51. Kh2 Kxf6 52. Rxe2 Rxg7 53. Rf8+
Kg6 54. Rg2+ Kh6 55. Rf6+ Bg6 56. Rgxg6+ Rxg6 57. Rxg6+ Kxg6 58. Kg3 1-0